000 00757nam a22002297a 4500
003 UA-OsUOA
001 67740
007 ta
008 20100310b un ||||| |||| 00| 0 ukr d
090 _a343.195
_bС89
942 _cBK
040 _aUA-OsUOA
_brus
_cUA-OsUOA
_dUA-OsUOA
245 _aСуд присяжных: квалификация преступлений и процедура рассмотрения дел
_bНаучно-практическое пособие
_cГалахова А. В.
300 _a560 с.
955 _a2
041 _arus
080 _a343.195
020 _a5-89123-964-7
260 _aМ.
_bНОРМА
_c2006
650 7 _a343 Кримінальне право. Карні порушення
_2UDC
999 _c353653
_d353653